Statistics for Traditional Groups of Seven

Click here to take the quiz!

General Stats

  • This quiz has been taken 484 times
    (340 since last reset)
  • The average score is 46 of 77

Answer Stats

HintAnswer% Correct
Musical Notes (Traditional)Re
97%
Colors of the RainbowBlue
95%
Colors of the RainbowGreen
95%
Colors of the RainbowRed
95%
Colors of the RainbowYellow
95%
Colors of the RainbowOrange
94%
ContinentsAsia
93%
Classical PlanetsSun
93%
Days of the WeekFriday
92%
Classical PlanetsMars
92%
Classical PlanetsMercury
92%
Metals of AntiquityMercury
92%
Days of the WeekMonday
92%
Days of the WeekSaturday
92%
Days of the WeekThursday
92%
Days of the WeekTuesday
92%
ContinentsAfrica
91%
ContinentsEurope
91%
Days of the WeekSunday
91%
Days of the WeekWednesday
91%
ContinentsNorth America
90%
ContinentsSouth America
90%
Classical PlanetsVenus
90%
ContinentsAustralia
89%
Musical Notes (Traditional)Do
89%
Classical PlanetsJupiter
89%
Musical Notes (Traditional)Fa
88%
Colors of the RainbowViolet
88%
Musical Notes (Traditional)Mi
87%
Classical PlanetsSaturn
87%
Musical Notes (Traditional)La
86%
ContinentsAntarctica
82%
Colors of the RainbowIndigo
82%
Musical Notes (Traditional)Si
80%
Metals of AntiquityGold
75%
Wonders of the Ancient WorldGreat Pyramid of Giza
75%
Metals of AntiquitySilver
75%
SeasSouthern Ocean
74%
Deadly SinsSloth
73%
Deadly SinsGreed
71%
Wonders of the Ancient WorldHanging Gardens of Babylon
66%
Classical PlanetsMoon
66%
Deadly SinsGluttony
65%
Deadly SinsEnvy
62%
Metals of AntiquityIron
59%
Deadly SinsLust
59%
Metals of AntiquityCopper
53%
Deadly SinsPride
53%
Musical Notes (Traditional)Sol
51%
Metals of AntiquityTin
50%
Deadly SinsWrath
49%
Wonders of the Ancient WorldColossus of Rhodes
48%
SeasIndian Ocean
48%
Wonders of the Ancient WorldLighthouse of Alexandria
45%
SeasArctic Ocean
42%
Metals of AntiquityLead
36%
Wonders of the Ancient WorldStatue of Zeus at Olympia
31%
Wonders of the Ancient WorldTemple of Artemis at Ephesus
25%
ChakrasAnahata
21%
Wonders of the Ancient WorldMausoleum at Halicarnassus
21%
Kings of RomeRomulus
20%
ChakrasAjna
11%
SeasNorth Atlantic Ocean
10%
ChakrasVishuddha
10%
SeasNorth Pacific Ocean
9%
ChakrasSahasrara
9%
SeasSouth Atlantic Ocean
9%
SeasSouth Pacific Ocean
9%
ChakrasManipura
8%
ChakrasMuladhara
8%
ChakrasSvadhishthana
7%
Kings of RomeNuma Pompilius
4%
Kings of RomeAncus Marcius
3%
Kings of RomeLucius Tarquinius Priscus
3%
Kings of RomeLucius Tarquinius Superbus
3%
Kings of RomeServius Tullius
3%
Kings of RomeTullus Hostilius
3%

Score Distribution

Percentile by Number Answered

Percent of People with Each Score

Your Score History

You have not taken this quiz since the last reset